Ekonomika cestovného ruchu a podnikanie vedecký časopis Obchodnej fakulty Ekonomickej univerzity v Bratislave
Na minha lista:
| Formato: | Periódico |
|---|---|
| Idioma: | eslovaco |
| Publicado em: |
Bratislava
MERKURY
2009
|
| Assuntos: | |
| Tags: |
Sem tags, seja o primeiro a adicionar uma tag!
|
MARC
| LEADER | 00000nas2a2200000 4500 | ||
|---|---|---|---|
| 001 | 0164573 | ||
| 005 | 20130130135214.7 | ||
| 022 | |a 1337-9313 | ||
| 041 | 0 | |a slo | |
| 044 | |a SK | ||
| 245 | 1 | 0 | |a Ekonomika cestovného ruchu a podnikanie |b vedecký časopis Obchodnej fakulty Ekonomickej univerzity v Bratislave |
| 264 | 1 | |a Bratislava |b MERKURY |c 2009 | |
| 773 | 0 | |w eu_un_cat*0092078 | |
| 610 | 2 | 0 | |a ruch cestovný |
| 610 | 2 | 0 | |a podnikanie |
| 610 | 2 | 0 | |a obchod |
| 610 | 2 | 0 | |a služby |
| 610 | 2 | 0 | |a rozvoj regionálny |